000 00529nam a2200181Ia 4500
003 GCL
008 140319s9999 xx 000 0 ara d
040 _aGCL /
_cGCL
082 0 4 _a301.32
_bج ا
100 1 _aجمعية لبن الام المصرية
245 1 0 _aاضواء على الرضاعة الطبيعية /
_cجمعية لبن الام المصرية
300 _a78 ص
490 _a
650 0 4 _aتنظيم النسل
650 0 4 _aالمواليد
650 0 4 _aالامومه- رعايه
942 _2ddc
_cBK
999 _c52241
_d52241